Statistics for Artists by Debut Album

Click here to take the quiz!

General Stats

  • This quiz has been taken 72 times
  • The average score is 9 of 20

Answer Stats

AlbumArtist% Correct
Please Please MeThe Beatles
88%
...Baby One More TimeBritney Spears
80%
Plastic Ono BandJohn Lennon
72%
Surfin' SafariThe Beach Boys
71%
19Adele
68%
Appetite for DestructionGuns N' Roses
67%
BleachNirvana
64%
The Miseducation of ______ ___Lauryn Hill
55%
__ _____ __________ and NicoThe Velvet Underground
49%
The College DropoutKanye West
45%
Kill 'Em AllMetallica
45%
Definitely MaybeOasis
45%
Dangerously in LoveBeyonce
38%
Blue AlbumWeezer
36%
The FameLady Gaga
28%
Got to Be ThereMichael Jackson
19%
Cold Spring HarborBilly Joel
17%
Cracked Rear ViewHootie and the Blowfish
16%
Thank Me LaterDrake
10%
Yourself or Someone Like YouMatchbox Twenty
10%

Score Distribution

Percentile by Number Answered

Percent of People with Each Score

Your Score History

You have not taken this quiz